[Event "Dortmund-A"]
[Site "Dortmund"]
[Date "1989.??.??"]
[Round "?"]
[White "Hickl, Joerg"]
[Black "Schmittdiel, Eckhard"]
[Result "1/2-1/2"]
[WhiteElo "2500"]
[BlackElo "2425"]

1.g3 c5 2.Bg2 Nc6 3.e4 g6 4.Nc3 Bg7 5.d3 e6 6.Be3 Nd4 7.Qd2 Nf6 8.h3 d5 9.e5 Nd7
10.f4 f6 11.exf6 Qxf6 12.Nge2 a6 13.Bf2 Nc6 14.O-O O-O 15.Rae1 Kh8 16.Kh2 b5
17.Ng1 Bb7 18.Nf3 Rae8 19.Re2 b4 20.Na4 Qe7 21.Rfe1 Qd6 22.d4 cxd4 23.Nxd4 e5
24.Nf3 Re7 25.fxe5 Ncxe5 26.Nxe5 Rxe5 27.Rxe5 Bxe5 28.Rxe5 Rxf2 29.Qxf2 Nxe5
30.Nc5 Bc6 31.Nxa6 d4 32.Bxc6 Nxc6 33.Nc7 Kg8 34.Ne8 Qe6 35.Nc7 Qe5 36.Na6 Qb5
37.Nc7 Qe5 38.Na6 Qb5  1/2-1/2

[Event "Dortmund-A"]
[Site "Dortmund"]
[Date "1989.??.??"]
[Round "?"]
[White "Bischoff, Klaus"]
[Black "Hickl, Joerg"]
[Result "1/2-1/2"]
[WhiteElo "2505"]
[BlackElo "2500"]

1.d4 Nf6 2.c4 c5 3.d5 e5 4.Nc3 d6 5.e4 Be7 6.Nf3 O-O 7.a3 Ne8 8.Be2 Bg4 9.O-O Nd7
10.b3 g6 11.Ne1 Bxe2 12.Qxe2 Bg5 13.Bb2 f5 14.Nd3 Ng7 15.Rae1 Bf6 16.Qc2 a6
17.a4 Qc7 18.Ra1 Rae8 19.a5 Bg5 20.Rfe1 Nf6 21.f3 Ngh5  1/2-1/2

[Event "Dortmund-A"]
[Site "Dortmund"]
[Date "1989.??.??"]
[Round "?"]
[White "Bischoff, Klaus"]
[Black "King, Daniel J"]
[Result "1/2-1/2"]
[WhiteElo "2505"]
[BlackElo "2500"]

1.Nf3 Nf6 2.c4 e6 3.Nc3 d5 4.d4 Be7 5.Bg5 O-O 6.e3 h6 7.Bh4 b6 8.Qb3 Bb7
9.Bxf6 Bxf6 10.cxd5 exd5 11.Rd1 Re8 12.Be2 c6 13.O-O Nd7 14.Rfe1 Nf8 15.Bd3 Ne6
16.Bb1 g6 17.a3  1/2-1/2

[Event "Dortmund-A"]
[Site "Dortmund"]
[Date "1989.??.??"]
[Round "?"]
[White "Bischoff, Klaus"]
[Black "Schmittdiel, Eckhard"]
[Result "1/2-1/2"]
[WhiteElo "2505"]
[BlackElo "2425"]

1.c4 e5 2.g3 Nc6 3.Bg2 g6 4.Nc3 Bg7 5.e4 d6 6.Nge2 Nge7 7.d3 O-O 8.O-O Nd4
9.Nxd4 exd4 10.Nd5 Nxd5 11.cxd5 c5 12.dxc6 bxc6 13.Qc2 Ba6 14.b4  1/2-1/2

[Event "Dortmund-A"]
[Site "Dortmund"]
[Date "1989.??.??"]
[Round "?"]
[White "Geller, Efim P"]
[Black "Kindermann, Stefan"]
[Result "1-0"]
[WhiteElo "2480"]
[BlackElo "2515"]

1.e4 e6 2.d4 d5 3.Nd2 c5 4.exd5 Qxd5 5.Ngf3 cxd4 6.Bc4 Qd6 7.O-O Nf6 8.Nb3 Nc6
9.Nbxd4 Nxd4 10.Nxd4 a6 11.b3 Qc7 12.Qe2 Bc5 13.Nf5 O-O 14.Nxg7 Kxg7 15.Bb2 e5
16.Bxe5 Bd6 17.Bb2 Bxh2+ 18.Kh1 Bf4 19.Qh5 h6 20.Rae1 Qd7 21.Re3 Qg4 22.Qxg4+ Bxg4
23.Re4  1-0

[Event "Dortmund-A"]
[Site "Dortmund"]
[Date "1989.??.??"]
[Round "?"]
[White "Geller, Efim P"]
[Black "Sokolov, Ivan"]
[Result "1/2-1/2"]
[WhiteElo "2480"]
[BlackElo "2580"]

1.e4 e5 2.Nf3 Nc6 3.Bb5 a6 4.Ba4 Nf6 5.O-O Be7 6.Re1 b5 7.Bb3 O-O 8.a4 Bb7
9.d3 Re8 10.axb5 axb5 11.Rxa8 Qxa8 12.Nc3 b4 13.Nd5 Nxd5 14.Bxd5 d6 15.Bd2 Na5
16.Bxb4 Bxd5 17.exd5 Qxd5 18.Qd2 Nc6 19.c4 Qe6 20.Bc3 f6 21.b4 d5 22.b5 Nd8
23.Ba5 Qd7 24.Qa2 Nf7 25.Qb3 dxc4 26.Qxc4 Bd6  1/2-1/2

[Event "Dortmund-A"]
[Site "Dortmund"]
[Date "1989.??.??"]
[Round "?"]
[White "Hickl, Joerg"]
[Black "Hort, Vlastimil"]
[Result "1/2-1/2"]
[WhiteElo "2500"]
[BlackElo "2580"]

1.g3 e5 2.Bg2 d5 3.d3 Nc6 4.Nf3 Nf6 5.O-O Be7 6.Bg5 Be6 7.Nc3 O-O 8.e4 d4
9.Ne2 h6 10.Bd2 Qd6 11.Ne1 Nd7 12.f4 f5 13.h3 fxe4 14.dxe4 a5 15.Nd3 Bc4
16.b3 Bf7 17.Kh1 Bf6 18.Qe1 Nc5 19.Nec1 Nd7 20.Ne2 Nc5  1/2-1/2

[Event "Dortmund-A"]
[Site "Dortmund"]
[Date "1989.??.??"]
[Round "?"]
[White "Hickl, Joerg"]
[Black "Kindermann, Stefan"]
[Result "1/2-1/2"]
[WhiteElo "2500"]
[BlackElo "2515"]

1.g3 e5 2.Bg2 d5 3.d3 Nc6 4.Nf3 Nf6 5.O-O Be7 6.Bg5 O-O 7.Nc3 h6 8.Bxf6 Bxf6
9.e4 d4 10.Nd5 Be6 11.Re1 Re8 12.c3 dxc3 13.Nxf6+ Qxf6 14.bxc3 Rad8 15.Qc2 Rd6
16.Nd2 Red8 17.Re3 h5 18.h4  1/2-1/2

[Event "Dortmund-A"]
[Site "Dortmund"]
[Date "1989.??.??"]
[Round "?"]
[White "Hickl, Joerg"]
[Black "King, Daniel J"]
[Result "1-0"]
[WhiteElo "2500"]
[BlackElo "2500"]

1.g3 d5 2.Bg2 e5 3.d3 c6 4.Nf3 Nd7 5.O-O Ngf6 6.Nc3 Bb4 7.Bd2 O-O 8.a3 Ba5
9.b4 Bb6 10.e4 dxe4 11.dxe4 Re8 12.Qe2 Nf8 13.Na4 Bc7 14.Bc3 Bg4 15.h3 Bh5
16.Nc5 Qb8 17.Rad1 a5 18.Rd3 b6 19.Nb3 Ne6 20.bxa5 bxa5 21.Rb1 Qa7 22.Qe1 c5
23.Nbd2 Nd4 24.Bxd4 exd4 25.Rdb3 Rab8 26.Rxb8 Bxb8 27.Rb5 Nd5 28.Nxd4 Qd7
29.Qa1 Be5 30.Rxc5 Nf6 31.c3 Bg6 32.Rxa5 h5 33.h4 Qc7 34.Ra4 Bxg3 35.fxg3 Qxg3
36.N4f3 Nxe4 37.Nxe4 Bxe4 38.Qe1 Qxg2+ 39.Kxg2 Bxf3+ 40.Kf2 Rxe1 41.Kxe1  1-0

[Event "Dortmund-A"]
[Site "Dortmund"]
[Date "1989.??.??"]
[Round "?"]
[White "Hickl, Joerg"]
[Black "Mohr, Stefan"]
[Result "1/2-1/2"]
[WhiteElo "2500"]
[BlackElo "2530"]

1.e4 e6 2.d4 d5 3.Nc3 Bb4 4.exd5 exd5 5.Bd3 Ne7 6.Qf3 Nbc6 7.Ne2 Be6 8.h3 Qd7
9.Be3 Bf5 10.O-O-O O-O-O 11.Ng3 Bxd3 12.Rxd3 f6 13.h4 Na5 14.Kb1 Nc4 15.Nce2 Rde8
16.h5 Rhf8 17.Bc1 Bd6 18.Re1 c6 19.Rdd1 Bc7 20.Qd3 g6 21.hxg6 hxg6 22.b3 Nd6
23.Nf4 Rg8 24.Re2 Ba5 25.f3 Nb5 26.Bd2 Bxd2 27.Qxd2 Nf5 28.Nxf5 Qxf5 29.Kb2 Rxe2
30.Nxe2 Re8 31.a4 Nd6 32.Rh1 g5 33.Rh6 Qe6 34.Ng3 Qe7 35.Qd3 Rf8 36.Nf5 Qd7
37.Nxd6+ Qxd6 38.Qf5+ Kc7 39.Rh7+ Kb8 40.Rd7 Qb4 41.c3 Qb6 42.Qe6 Ka8 43.Rf7 Rb8
44.Rxf6 Qa6 45.Qe1 Qd3 46.Re6 a6 47.Qe2 Qh7 48.Qe3 Rg8 49.a5 Qh2 50.Re8+ Rxe8
51.Qxe8+ Ka7 52.Qe2 Qg3 53.Kc2 Ka8 54.Kd3 Ka7 55.c4 Qd6 56.Qd2 Qa3 57.Qc3 Qa2
58.cxd5 cxd5 59.Qc5+ Ka8 60.Qxd5 Qb1+ 61.Kc4 Qc2+ 62.Kb4 Qxg2 63.Kc5 Ka7
64.Kd6 g4 65.Qc5+ Kb8 66.fxg4 Qxg4 67.Qe5 Qg6+ 68.Kd7+ Ka7 69.Qc5+ Ka8 70.Qf8+ Ka7
71.d5 Qh7+ 72.Qe7 Qh3+ 73.Qe6 Qh7+ 74.Kd6 Qh2+ 75.Qe5 Qh6+ 76.Kd7 Qh7+ 77.Ke6 Qg6+
78.Qf6 Qe4+ 79.Kd6 Qb4+ 80.Kd7 Qb5+ 81.Ke6 Qe2+ 82.Kd6 Qh2+ 83.Qe5 Qh6+ 84.Kc5 Qc1+
85.Kb4 Qd2+ 86.Kc4 Qc1+ 87.Qc3 Qf1+ 88.Qd3 Qc1+ 89.Kd4 Qf4+ 90.Kc5 Qc7+ 91.Kb4 Qd6+
92.Ka4 Qd7+ 93.Ka3 Qd6+ 94.b4 Kb8 95.Kb3 Ka8 96.Qf3 Kb8 97.Qe4 Ka8 98.Qf3 Ka7
99.Kc4 Qc7+ 100.Kd3 Qd6 101.Qe4 Kb8 102.Kc4 Kc7 103.Qe3 Kb8 104.Qe8+ Kc7
105.Qf7+ Kb8 106.Qf5 Kc7 107.Qf2 Kb8 108.Qe3 Qh2 109.Qe8+ Ka7 110.Qe6 Qc2+
111.Kd4 Qb2+ 112.Ke3  1/2-1/2

[Event "Dortmund-A"]
[Site "Dortmund"]
[Date "1989.??.??"]
[Round "?"]
[White "Hickl, Joerg"]
[Black "Sokolov, Ivan"]
[Result "1-0"]
[WhiteElo "2500"]
[BlackElo "2580"]

1.e4 c5 2.c3 e6 3.Nf3 Nc6 4.Be2 Nf6 5.d3 Be7 6.O-O d5 7.Nbd2 O-O 8.Re1 e5
9.a3 d4 10.cxd4 cxd4 11.b4 a6 12.Nb3 Nd7 13.Bd2 Bd6 14.Qb1 Qe7 15.Rc1 h6
16.Bd1 Nf6 17.Be1 Nd8 18.Na5 Be6 19.Nc4 Bxc4 20.Rxc4 Ne6 21.Bd2 Nd7 22.Qa2 f5
23.exf5 Rxf5 24.Bb3 Kh7 25.Rc2 Nf4 26.Bxf4 Rxf4 27.Bd5 Nf6 28.g3 e4 29.gxf4 exf3
30.Bxf3 Qd7 31.Re1 Qh3 32.Bxb7 Bxf4 33.f3 Rb8 34.Qf7 Bxh2+ 35.Rxh2 Qg3+ 36.Kf1 Qxh2
37.Re7 Qh1+ 38.Ke2 Qg2+ 39.Kd1 Qg1+ 40.Kc2 Qg2+ 41.Kb3 Qg5 42.f4 Qg3 43.Bxa6 Rb6
44.Bc4 h5 45.f5 h4 46.a4 h3 47.a5 h2 48.Qg6+ Qxg6 49.fxg6+ Kxg6 50.Re1 Rb8
51.Rh1 Rh8 52.b5 Kf5 53.a6 Ke5 54.Kb4 Kd6 55.a7 Kc7 56.Rxh2 Ra8 57.Rg2 Kb6
58.Rxg7 Ne8 59.Rg6+ Kxa7 60.b6+  1-0

[Event "Dortmund-A"]
[Site "Dortmund"]
[Date "1989.??.??"]
[Round "?"]
[White "Hort, Vlastimil"]
[Black "Geller, Efim P"]
[Result "1/2-1/2"]
[WhiteElo "2580"]
[BlackElo "2480"]

1.e4 e5 2.Nf3 Nc6 3.Bb5 a6 4.Bxc6 dxc6 5.O-O f6 6.d4 Bg4 7.c3 Bd6 8.h3 Bh5
9.Be3 Ne7 10.Nbd2 O-O 11.Re1 Kh8 12.Qb3 Qd7 13.Rad1 exd4 14.Bxd4 c5 15.Be3 b5
16.Qc2 Rae8  1/2-1/2

[Event "Dortmund-A"]
[Site "Dortmund"]
[Date "1989.??.??"]
[Round "?"]
[White "Kindermann, Stefan"]
[Black "Hort, Vlastimil"]
[Result "1/2-1/2"]
[WhiteElo "2515"]
[BlackElo "2580"]

1.e4 e5 2.Nf3 Nc6 3.Bb5 a6 4.Ba4 Nf6 5.O-O Be7 6.Re1 b5 7.Bb3 d6 8.c3 O-O
9.h3 Nd7 10.d4 Bf6 11.a4  1/2-1/2

[Event "Dortmund-A"]
[Site "Dortmund"]
[Date "1989.??.??"]
[Round "?"]
[White "Kindermann, Stefan"]
[Black "Mohr, Stefan"]
[Result "0-1"]
[WhiteElo "2515"]
[BlackElo "2530"]

1.e4 e6 2.d4 d5 3.Nc3 Bb4 4.e5 c5 5.a3 Bxc3+ 6.bxc3 Qc7 7.Nf3 Ne7 8.a4 b6
9.Bb5+ Bd7 10.Bd3 Nbc6 11.O-O h6 12.Ba3 Na5 13.Nd2 O-O 14.dxc5 bxc5 15.Nb3 Nxb3
16.cxb3 a5 17.Qh5 f5 18.f4 Bc8 19.Rfe1 Ba6 20.Bc2 d4 21.cxd4 cxd4 22.Qd1 Rfd8
23.Bd3 Bxd3 24.Qxd3 Nd5 25.Qxd4 Nb4 26.Rac1 Qb7 27.Qc4 Qb6+ 28.Kf1 Rd4 29.Qc5 Rxf4+
30.Kg1 Qxc5+ 31.Rxc5 Nd3 32.Bc1 Rb4  0-1

[Event "Dortmund-A"]
[Site "Dortmund"]
[Date "1989.??.??"]
[Round "?"]
[White "Kindermann, Stefan"]
[Black "Psakhis, Lev"]
[Result "1-0"]
[WhiteElo "2515"]
[BlackElo "2585"]

1.e4 e6 2.d4 d5 3.Nc3 Bb4 4.e5 Ne7 5.a3 Bxc3+ 6.bxc3 c5 7.Qg4 O-O 8.Bd3 Nbc6
9.Qh5 h6 10.Bxh6 gxh6 11.Qxh6 Nf5 12.Bxf5 exf5 13.O-O-O f4 14.Nh3 Bf5 15.Nxf4 f6
16.Ng6 fxe5 17.dxe5 Qa5 18.Qh8+ Kf7 19.Qh7+ Ke8 20.e6 Qxa3+ 21.Kd2 Bxe6 22.Nxf8 d4  1-0

[Event "Dortmund-A"]
[Site "Dortmund"]
[Date "1989.??.??"]
[Round "?"]
[White "Kindermann, Stefan"]
[Black "Tolnai, Tibor"]
[Result "0-1"]
[WhiteElo "2515"]
[BlackElo "2480"]

1.e4 c5 2.Nf3 d6 3.d4 cxd4 4.Nxd4 Nf6 5.Nc3 g6 6.Bc4 Bg7 7.h3 O-O 8.Bb3 Nc6
9.Be3 Bd7 10.O-O Rc8 11.f4 a6 12.Qe1 Nxe4 13.Nxc6 Bxc6 14.f5 Nxc3 15.bxc3 Bb5
16.fxg6 hxg6 17.Rf3 Rxc3 18.Rd1 Bc4 19.h4 Bxb3 20.cxb3 Qa5 21.Rg3 Qh5 22.Bf2 Rfc8
23.Rxc3 Bxc3 24.Qf1 Be5  0-1

[Event "Dortmund-A"]
[Site "Dortmund"]
[Date "1989.??.??"]
[Round "?"]
[White "King, Daniel J"]
[Black "Kindermann, Stefan"]
[Result "1/2-1/2"]
[WhiteElo "2500"]
[BlackElo "2515"]

1.d4 Nf6 2.Nf3 g6 3.c4 Bg7 4.g3 O-O 5.Bg2 d5 6.cxd5 Nxd5 7.O-O Nb6 8.Nc3 Nc6
9.e3 e5 10.d5 Na5 11.e4 c6 12.Bg5 f6 13.Be3 Bg4 14.h3 Bxf3 15.Qxf3 cxd5 16.Nxd5 Nac4
17.Nxb6 Nxe3 18.Nxa8 Nxf1 19.Bxf1 Qxa8 20.Rc1 Rc8 21.Rd1 Rc7 22.Rd6 Qf8 23.Qd1 Qe7
24.b3 Bf8 25.Rd8 Kg7 26.Bc4 b5 27.Bxb5 Rc1 28.Qxc1 Qxd8 29.Qe3 Qb6 30.Qxb6 axb6
31.Kf1 Bc5 32.Ke2 Kf7 33.Bc4+ Ke7 34.Bg8 h6 35.h4 Kf8 36.Bd5 Ke7 37.a4 Bb4
38.Bb7 Bc5 39.Bc8 Kd8 40.Ba6 Ke7 41.Kf3 Kf7 42.Kg2 Ke7 43.f3 Bb4 44.Kh3 Be1
45.Kg4 Ke8 46.f4 Ke7 47.fxe5  1/2-1/2

[Event "Dortmund-A"]
[Site "Dortmund"]
[Date "1989.??.??"]
[Round "?"]
[White "King, Daniel J"]
[Black "Kotronias, Vasilios"]
[Result "1-0"]
[WhiteElo "2500"]
[BlackElo "2505"]

1.d4 d5 2.c4 e6 3.Nc3 Be7 4.Nf3 Nf6 5.g3 O-O 6.Bg2 dxc4 7.O-O Nbd7 8.e4 c6
9.a4 b5 10.axb5 cxb5 11.d5 Bc5 12.dxe6 fxe6 13.e5 Ng4 14.Ne4 Bb7 15.Nfg5 Nxf2
16.Nxf2 Rxf2 17.Rxf2 Bxf2+ 18.Kxf2 Qf8+ 19.Bf4 Qc5+ 20.Ke2 Nxe5 21.Bxb7 Re8
22.Ne4 Qb6 23.Qd6 Qxb7 24.Qxe5 b4 25.Be3 c3  1-0

[Event "Dortmund-A"]
[Site "Dortmund"]
[Date "1989.??.??"]
[Round "?"]
[White "King, Daniel J"]
[Black "Schmittdiel, Eckhard"]
[Result "1/2-1/2"]
[WhiteElo "2500"]
[BlackElo "2425"]

1.d4 Nf6 2.Nf3 e6 3.g3 c5 4.Bg2 Nc6 5.O-O cxd4 6.Nxd4 Qb6 7.Nb3 d5 8.a4 Be7
9.Nc3 O-O 10.a5 Qd8 11.e4 d4 12.Ne2 e5 13.Bd2 Ne8 14.c3 d3 15.Nec1 Be6 16.Be3 Bc4
17.Re1 Nd6 18.Nxd3 Bxb3 19.Qxb3 Nxa5 20.Qd5 Ndc4 21.Nxe5 Nxe3 22.Rxe3 Qxd5
23.exd5 Nb3 24.Rd1 Bc5 25.Red3 Rfe8 26.Nd7 Bd6 27.c4 Rad8 28.Nf6+ gxf6 29.Rxb3 b6
30.Bf1 f5 31.Kg2 f4 32.Kf3 fxg3 33.hxg3 Bc5 34.Kg2 Rd6 35.Rf3 Re5 36.Bd3 h6
37.Rh1 a5 38.Rh4 Kg7 39.Rg4+ Rg5 40.Re4 Rf6 41.Rxf6 Kxf6 42.Rh4 Bf8 43.f4 Rg8
44.Rh5 Ke7 45.Re5+ Kd8 46.Rf5 Ke7 47.Re5+ Kd8 48.Rf5 Ke7 49.d6+ Kxd6 50.Rxf7 Kc5
51.Rf5+ Kd4 52.Bf1 Bc5 53.Kf3 Rd8 54.g4 Bb4 55.Re5 Rd6 56.Be2 Bd2 57.Re4+ Kc5
58.Re5+ Kd4 59.Re4+ Kc5 60.f5 Bg5 61.Re5+ Kd4 62.Rb5 Bd2 63.Rb3 Bg5  1/2-1/2

[Event "Dortmund-A"]
[Site "Dortmund"]
[Date "1989.??.??"]
[Round "?"]
[White "King, Daniel J"]
[Black "Tolnai, Tibor"]
[Result "1/2-1/2"]
[WhiteElo "2500"]
[BlackElo "2480"]

1.c4 c5 2.Nf3 Nf6 3.g3 g6 4.Bg2 Bg7 5.d4 cxd4 6.Nxd4 O-O 7.O-O Nc6 8.Nc3 Ng4
9.e3 Nxd4 10.exd4 Nh6 11.Ne2 Nf5 12.Qd3 d6 13.Bd2 Rb8 14.Rfd1 Bd7 15.a4 e6
16.Bc3 a6 17.Qd2 Re8 18.b3 Bc6 19.d5 exd5 20.Bxg7 Kxg7 21.Nd4 Ne7 22.cxd5 Bxd5
23.Bxd5 Nxd5 24.Nf5+ gxf5 25.Qxd5 Qf6 26.Rac1 Re5 27.Qf3 Qe6  1/2-1/2

[Event "Dortmund-A"]
[Site "Dortmund"]
[Date "1989.??.??"]
[Round "?"]
[White "Kotronias, Vasilios"]
[Black "Geller, Efim P"]
[Result "1/2-1/2"]
[WhiteElo "2505"]
[BlackElo "2480"]

1.d4 d5 2.c4 e6 3.Nf3 Nf6 4.Nc3 Be7 5.Bg5 h6 6.Bxf6 Bxf6 7.e3 O-O 8.Rc1 c6
9.Bd3 Nd7 10.O-O dxc4 11.Bxc4 e5 12.Ne4 exd4 13.Nxf6+ Nxf6 14.Qxd4 Qxd4  1/2-1/2

[Event "Dortmund-A"]
[Site "Dortmund"]
[Date "1989.??.??"]
[Round "?"]
[White "Kotronias, Vasilios"]
[Black "Hickl, Joerg"]
[Result "0-1"]
[WhiteElo "2505"]
[BlackElo "2500"]

1.e4 g6 2.d4 d6 3.Nf3 Nf6 4.Nc3 Bg7 5.h3 O-O 6.Be3 Nc6 7.Bc4 Nxe4 8.Nxe4 d5
9.Bd3 dxe4 10.Bxe4 Qd6 11.O-O Bf5 12.Bxf5 gxf5 13.d5 f4 14.Bxf4 Qxf4 15.dxc6 bxc6
16.c3 Rfd8 17.Qc2 Rd5 18.Rae1 e6 19.Re4 Qd6 20.Rfe1 Rb8 21.g3 Rd8 22.Kg2 h6
23.R1e2 Qc5 24.Qa4 Qb6 25.Rc4 Rb5 26.Qc2 Qa6 27.Rd4 Ra5 28.Rg4 Qd3 29.Qxd3 Rxd3
30.Ne5 Rd1 31.a3 Rc5 32.Nc4 Rb1 33.b4 Rg5 34.Na5 Rxg4 35.hxg4 c5 36.Rc2 a6
37.Kf3 Ra1 38.Nc4 cxb4 39.cxb4 Bf8 40.Ke2 c5 41.bxc5 Bxc5 42.Kd3 Kg7 43.Ke4 Bxa3
44.Nxa3 Rxa3 45.Rc8 Ra2 46.Kf3 a5 47.Ra8 a4 48.Ra5 Kf6 49.Ra7 a3 50.Ra5 Ra1
51.Kg2 Ra2 52.Kf3 Ke7 53.Ra7+ Kd6 54.Rxf7 Rc2 55.Ra7 a2 56.Ra5 Kc6 57.Ke3 Kb6
58.Ra8 Kb5 59.f4 Kb4 60.Rb8+ Kc3 61.Rc8+ Kb2 62.Rb8+ Kc1 63.Ra8 Kb1 64.g5 hxg5
65.fxg5 a1=Q 66.Rxa1+ Kxa1  0-1

[Event "Dortmund-A"]
[Site "Dortmund"]
[Date "1989.??.??"]
[Round "?"]
[White "Kotronias, Vasilios"]
[Black "Schmittdiel, Eckhard"]
[Result "1-0"]
[WhiteElo "2505"]
[BlackElo "2425"]

1.e4 c5 2.Nf3 e6 3.d4 cxd4 4.Nxd4 Nf6 5.Nc3 Nc6 6.Ndb5 d6 7.Bf4 e5 8.Bg5 a6
9.Na3 b5 10.Bxf6 gxf6 11.Nd5 Bg7 12.c3 Ne7 13.Nxe7 Kxe7 14.Nc2 Bb7 15.Qf3 Bh6
16.g3 Qd7 17.Bg2 Rad8 18.Qh5 Bg7 19.Ne3  1-0

[Event "Dortmund-A"]
[Site "Dortmund"]
[Date "1989.??.??"]
[Round "?"]
[White "Mohr, Stefan"]
[Black "King, Daniel J"]
[Result "1/2-1/2"]
[WhiteElo "2530"]
[BlackElo "2500"]

1.d4 e6 2.c4 Bb4+ 3.Nd2 Nf6 4.a3 Be7 5.e4 d5 6.e5 Nfd7 7.cxd5 exd5 8.f4 c5
9.Ngf3 Nc6 10.Bd3 Qb6 11.O-O a5 12.f5 c4 13.f6 gxf6 14.exf6 Nxf6 15.Bc2 Nxd4
16.Ba4+ Nc6+ 17.Kh1 Be6 18.Ng5 O-O-O 19.Ndf3 Ne4 20.Qe1 Kb8 21.Nxe4 dxe4
22.Be3 Bc5 23.Bxc5 Qxc5 24.Qxe4 Nd4 25.Bd1 Ka7 26.Rc1 Qb6 27.Nxd4 Qxd4 28.Qe1 Qd2
29.Qf2+ Qxf2 30.Rxf2 b5 31.Kg1 Kb6 32.Bh5 Rd7 33.Rcf1 b4 34.axb4 axb4 35.Rf4 Rc8
36.Bg4 Bxg4 37.Rxg4 Rd2 38.b3 Rc2 39.Rff4 Kb5 40.Rg5+ Rc5 41.Rg8 c3 42.Rb8+ Kc6
43.Rfxb4 Rd2 44.Rc8+ Kd6 45.Rxc5 Kxc5 46.Rc4+ Kd5 47.Rxc3 Rb2 48.Rf3 Ke6
49.h4 h5 50.Kh2 Re2 51.Kg3 Re4 52.Rf4 Re3+ 53.Rf3 Re4 54.Rc3 f5 55.Rc6+ Ke5
56.Rc5+ Kf6 57.Rc3 Ke5 58.Kh3 Kf6 59.Rc8 Ke5 60.Rc3 Kf6 61.Rc6+ Ke5  1/2-1/2

[Event "Dortmund-A"]
[Site "Dortmund"]
[Date "1989.??.??"]
[Round "?"]
[White "Mohr, Stefan"]
[Black "Kotronias, Vasilios"]
[Result "1/2-1/2"]
[WhiteElo "2530"]
[BlackElo "2505"]

1.d4 Nf6 2.c4 c5 3.d5 b5 4.cxb5 a6 5.e3 Bb7 6.Nc3 axb5 7.Bxb5 Qa5 8.Ne2 Nxd5
9.O-O Nf6 10.a4 e6 11.Qd3 Nc6 12.e4 Be7 13.Bg5 Qc7 14.f4 Nb4 15.Qd2 h6 16.Bxf6 gxf6
17.Rad1 O-O-O 18.f5 d5 19.fxe6 fxe6 20.exd5 exd5 21.Nf4 c4 22.Nce2 Qb6+ 23.Kh1 Rhg8
24.Nd4 Nd3 25.Nfe6 Bc5 26.Qc2 Rd6 27.Rxd3 Rxe6 28.Nxe6 Qxe6 29.Rdf3 Be7 30.b3 Kb8
31.bxc4 d4 32.Qb3 Qe2 33.R1f2 Qe1+ 34.Rf1 Qe2 35.Rg1 Rxg2 36.Rxg2 Qxf3 37.Qxf3 Bxf3
38.Kg1  1/2-1/2

[Event "Dortmund-A"]
[Site "Dortmund"]
[Date "1989.??.??"]
[Round "?"]
[White "Mohr, Stefan"]
[Black "Psakhis, Lev"]
[Result "0-1"]
[WhiteElo "2530"]
[BlackElo "2585"]

1.d4 e6 2.c4 Bb4+ 3.Nd2 Nf6 4.Nf3 O-O 5.a3 Bxd2+ 6.Qxd2 b6 7.b3 Bb7 8.Bb2 d6
9.e3 Nbd7 10.Bd3 Ne4 11.Qc2 f5 12.b4 a5 13.O-O Ng5 14.Nxg5 Qxg5 15.f4 Qg6
16.d5 exd5 17.Rf3 Qe6 18.Rg3 Rf7 19.Rf1 axb4 20.axb4 Ra2 21.cxd5 Bxd5 22.Qc3 Nf6
23.Bb1 Ra7 24.b5 Be4 25.Bxe4 Qxe4 26.Rd1 Ra4 27.Rc1 Kf8 28.h3 Rb4 29.Qa3 Ne8
30.Bd4 Rxb5 31.Qa1 Rd5 32.Kh2 c5 33.Bc3 b5 34.Qa8 b4 35.Ba1 Rd2 36.Qc8 b3
37.Qb8 Rb7  0-1

[Event "Dortmund-A"]
[Site "Dortmund"]
[Date "1989.??.??"]
[Round "?"]
[White "Mohr, Stefan"]
[Black "Tolnai, Tibor"]
[Result "1/2-1/2"]
[WhiteElo "2530"]
[BlackElo "2480"]

1.d4 Nf6 2.c4 e6 3.Nc3 Bb4 4.Qc2 c5 5.dxc5 O-O 6.a3 Bxc5 7.Nf3 Nc6 8.Bg5 Nd4
9.Nxd4 Bxd4 10.e3 Qa5 11.exd4 Qxg5 12.Qd2 Qxd2+ 13.Kxd2 b6 14.f3 Bb7 15.Bd3 d6
16.b4 Rfc8 17.Rhc1 Kf8 18.a4 a5 19.Rab1 axb4 20.Rxb4 Nd7 21.Ne4 Bxe4 22.Bxe4 Ra5
23.f4 g6 24.Bf3 Rc7 25.Kd3 h5 26.Ra1 e5 27.Rb5 f5 28.Bd5 e4+ 29.Kc3 Nf6 30.Kb4 Nxd5+
31.cxd5 Rc2 32.Rxa5 bxa5+ 33.Kxa5 Rxg2 34.Kb6 Ke7 35.Rb1 Kd7 36.a5 g5 37.fxg5 Rxg5
38.a6 Rg2 39.a7 Ra2 40.Rb5 e3 41.Ra5 Rxa5 42.Kxa5 e2 43.a8=Q e1=Q+ 44.Kb5 Qe2+
45.Kb4 Qxh2 46.Qb7+ Kd8 47.Qf7 Qh4 48.Ka5 Qe7 49.Qxh5 f4 50.Kb6 Qc7+ 51.Kb5 Qd7+
52.Kb4 Qe7 53.Qf5 Qe3 54.Kb5 f3 55.Qf6+ Ke8 56.Qg6+ Kd7 57.Qf7+ Kd8 58.Qf6+  1/2-1/2

[Event "Dortmund-A"]
[Site "Dortmund"]
[Date "1989.??.??"]
[Round "?"]
[White "Psakhis, Lev"]
[Black "Bischoff, Klaus"]
[Result "1/2-1/2"]
[WhiteElo "2585"]
[BlackElo "2505"]

1.e4 c6 2.c4 g6 3.Nc3 Bg7 4.d4 d6 5.Be3 a6 6.a4 a5 7.Qd2 Na6 8.Rd1 Nb4 9.Nge2 f5
10.Ng3 Nf6 11.exf5 gxf5 12.Be2 O-O 13.O-O e6 14.Bg5 Qc7 15.Nh5 Nxh5 16.Bxh5 Bf6
17.Rfe1 Qe7 18.Bxf6 Rxf6 19.Qg5+ Kh8 20.d5 cxd5 21.Rxd5 Qg7 22.Qxg7+ Kxg7
23.Rxd6 Ra6 24.Rd2 Rf8 25.f4 Rc6 26.b3 Na6 27.Bf3 Rc7 28.Re5 Rc5 29.Re3 Rc7
30.Nb5 Rd7 31.Rxd7+ Bxd7 32.Bxb7 Nc5 33.Bf3 Kf6 34.Kf2 Rd8 35.Ke2 Be8 36.g3 h6
37.Rc3 h5 38.Ke3 h4 39.Nd4 hxg3 40.hxg3 e5 41.fxe5+ Kxe5 42.Ne2 Rd1 43.Nf4 Re1+
44.Kd2 Kd4 45.Nd3 Rg1 46.Nxc5 Kxc5 47.Re3 Rxg3 48.Re5+ Kb4 49.Rxe8 Rxf3 50.Rb8+ Kc5
51.Rb5+ Kd4 52.Rd5+ Ke4 53.Kc2 Rf2+ 54.Kc3 Rf3+ 55.Kb2 Rf2+ 56.Kc3 Rf3+ 57.Kb2 Rf2+
58.Ka3 f4 59.Rxa5 Rg2 60.Rd5 f3 61.Rd1 f2 62.Rf1 Ke3 63.Kb4 Rg1  1/2-1/2

[Event "Dortmund-A"]
[Site "Dortmund"]
[Date "1989.??.??"]
[Round "?"]
[White "Psakhis, Lev"]
[Black "Geller, Efim P"]
[Result "1/2-1/2"]
[WhiteElo "2585"]
[BlackElo "2480"]

1.e4 e5 2.Nf3 Nc6 3.Bc4 Nf6 4.d3 Be7 5.Bb3 O-O 6.O-O d6 7.c3 h6 8.Nbd2 Re8
9.Re1 Bf8 10.Nf1 Be6 11.Ng3 d5 12.Ba4 dxe4 13.dxe4 Qxd1 14.Rxd1 Bc5 15.h3 Rad8
16.Bd2 Bd7 17.b4 Bf8 18.Bb3 Be6 19.Be3 Bxb3 20.axb3 a6 21.Kf1 g6 22.Ke2 Kg7
23.Nd2 Rd7 24.Nc4 Red8 25.Rxd7 Rxd7 26.f3 Be7 27.Nh1 Nh5 28.Nb2 Nd8 29.Nd3 Bd6
30.Rd1 Re7 31.g4 Nf6 32.c4 Re8 33.c5 Bf8 34.Nxe5 Ne6 35.Nf2 Nxc5 36.bxc5 Rxe5
37.Bd4 Re6 38.Nd3 Kg8 39.Nf4 Rc6 40.Nd5 Ne8 41.b4 Re6 42.Nf4 Re7 43.Be3 c6
44.Rd8 Bg7 45.Nd3 f5 46.Bf4 fxe4 47.fxe4 g5 48.Bd6  1/2-1/2

[Event "Dortmund-A"]
[Site "Dortmund"]
[Date "1989.??.??"]
[Round "?"]
[White "Psakhis, Lev"]
[Black "Hickl, Joerg"]
[Result "1/2-1/2"]
[WhiteElo "2585"]
[BlackElo "2500"]

1.d4 Nf6 2.c4 d6 3.Nc3 e5 4.Nf3 e4 5.Ng5 Bf5 6.g4 Bxg4 7.Bg2 Be7 8.Ngxe4 Nxe4
9.Bxe4 c6 10.Qd3 Bh5 11.Qh3 Bg6 12.Bxg6 fxg6 13.Bf4 O-O 14.Qe6+ Kh8 15.Bg3 Na6
16.h4 Rf5 17.O-O-O  1/2-1/2

[Event "Dortmund-A"]
[Site "Dortmund"]
[Date "1989.??.??"]
[Round "?"]
[White "Schmittdiel, Eckhard"]
[Black "Hort, Vlastimil"]
[Result "1/2-1/2"]
[WhiteElo "2425"]
[BlackElo "2580"]

1.e4 c5 2.c3 e6 3.d4 d5 4.exd5 exd5 5.Nf3 Nc6 6.Be2 Nf6 7.O-O h6 8.h3 Be6
9.dxc5 Bxc5 10.Nbd2 O-O 11.Nb3 Bb6 12.Bf4 Ne4 13.Nbd4 Re8 14.Bb5 Rc8 15.a4 Bd7
16.Nxc6 bxc6 17.Bd3 Qf6 18.Bh2 a5 19.Qb3 Bc5 20.Bxe4 Rxe4 21.Qb7 Bf5 22.Rfe1 Rce8
23.Rxe4 dxe4 24.Nd4 e3 25.fxe3 Rxe3 26.Rf1 Bxd4 27.cxd4 Qxd4 28.Kh1 Qd5 29.Qb8+ Kh7
30.Qd6 Be4 31.Qxd5 Bxd5 32.Kg1 Rb3 33.Be5 Rb4 34.Rf4 Rxf4 35.Bxf4 Bb3 36.Bd2  1/2-1/2

[Event "Dortmund-A"]
[Site "Dortmund"]
[Date "1989.??.??"]
[Round "?"]
[White "Schmittdiel, Eckhard"]
[Black "Kindermann, Stefan"]
[Result "1/2-1/2"]
[WhiteElo "2425"]
[BlackElo "2515"]

1.e4 g6 2.d4 d6 3.Nc3 Bg7 4.Be3 c6 5.Qd2 Nd7 6.f4 b5 7.Nf3 Nb6 8.b3 Nf6 9.Bd3 O-O
10.h3 Qc7 11.Rc1 a6 12.a4 bxa4 13.bxa4 a5 14.O-O Bd7 15.f5 c5 16.dxc5 Nxa4
17.Nxa4 Bxa4 18.cxd6 exd6 19.Bd4 Nd7 20.Ra1 Bc6 21.Bxg7 Kxg7 22.Qc3+ Ne5
23.f6+ Kh8 24.Qd2 Qd8 25.Ng5 Rg8 26.Rf4 h5 27.Raf1 Qf8 28.Be2 Qh6 29.Rh4 Rgd8
30.Qf4 Kg8 31.g4 a4 32.gxh5 Ra5 33.Qg3 Qxg5 34.Qxg5 Nf3+ 35.Rxf3 Rxg5+ 36.Kf2 Rxh5
37.Rxh5 gxh5 38.Rg3+ Kf8 39.Bxh5 Bxe4 40.Bd1 d5 41.Ra3 Rd6 42.Rxa4 Rxf6+
43.Ke1 Rh6 44.Rd4 Rxh3  1/2-1/2

[Event "Dortmund-A"]
[Site "Dortmund"]
[Date "1989.??.??"]
[Round "?"]
[White "Schmittdiel, Eckhard"]
[Black "Mohr, Stefan"]
[Result "1/2-1/2"]
[WhiteElo "2425"]
[BlackElo "2530"]

1.e4 g6 2.d4 d6 3.Nc3 Bg7 4.g3 Nc6 5.Be3 e5 6.d5 Nce7 7.Bg2 f5 8.Nh3 Nf6
9.Qd2 O-O 10.f3 c6 11.O-O cxd5 12.Nxd5 Nexd5 13.exd5 Bd7 14.c4 Nh5 15.f4 Re8
16.Rac1 Rc8 17.b3 a6 18.a4 exf4 19.Nxf4 Nxf4 20.gxf4 b5 21.cxb5 axb5 22.a5 b4
23.Bb6 Bc3 24.Qxc3 Qxb6+ 25.axb6 bxc3 26.Rf3 Rb8 27.Rcxc3 Rxb6 28.Rc7 Re7
29.Bf1 Kf7 30.Rh3 Kf6 31.Kf2 Rb4 32.Bc4 Rb8 33.Re3 h6 34.h4 Rxe3 35.Kxe3 Be8
36.Kd4 g5 37.hxg5+ hxg5 38.fxg5+ Kxg5 39.Rg7+ Kf6 40.Rg8 Kf7  1/2-1/2

[Event "Dortmund-A"]
[Site "Dortmund"]
[Date "1989.??.??"]
[Round "?"]
[White "Sokolov, Ivan"]
[Black "Kindermann, Stefan"]
[Result "1/2-1/2"]
[WhiteElo "2580"]
[BlackElo "2515"]

1.d4 Nf6 2.Nf3 e6 3.Bg5 c5 4.e3 Be7 5.Nbd2 b6 6.c3 Bb7 7.Bd3 Nc6 8.O-O cxd4
9.exd4 O-O 10.Re1 Nd5 11.Bxe7 Ncxe7 12.a4 a6 13.Ne4 Qc7 14.g3 f5  1/2-1/2